| 000 | 02909nam0a2200373 4500 | ||
|---|---|---|---|
| 001 | RU\NLR\BIBL_A\016357605 | ||
| 005 | 20260419220825.0 | ||
| 021 |
_aRU _bКН-П-23-019058 _9КН-П-23-1900 |
||
| 035 | _a(NLR Aleph) 016357605 | ||
| 035 | _a(RuMoRGB)011675820 | ||
| 090 |
_a13658546 _c13658546 |
||
| 100 | _a20230427d2023 u y0rusy50 ca | ||
| 101 | 0 | _arus | |
| 102 | _aRU | ||
| 105 | _ay z 000zy | ||
| 181 | 0 |
_ai _baxxe |
|
| 182 | 0 | _an | |
| 200 | 1 |
_aКонтроль за соблюдением стандартов нефтяной отрасли применительно к флоту: практика на танкерах _eметодические указания _eдля курсантов и студентов 4-6-го курса, обучающихся по направлению подгтовки по дисциплине 26.05.05 "Судовождение" _fФедеральное агентство морского и речного транспорта, Федеральное государственное бюджетное образовательное учреждение высшего образования Государственный университет морского и речного флота имени адмирала С. О. Макарова, Институт Морская академия, Факультет навигации и связи, Кафедра маневрирования и управления судном _gсост.: С. Ю. Развозов, А. А. Пирютко |
|
| 203 |
_aТекст _bвизуальный _cнепосредственный |
||
| 210 |
_aСанкт-Петербург _cИзд-во ГУМРФ имени адмирала С. О. Макарова _d2023 |
||
| 215 |
_a37, [2] с. _d21 |
||
| 300 | _aВ вып. дан. авт.: Развозов Сергей Юрьевич - д-р техн. наук, проф., Пирютко Алексей Альбертович | ||
| 320 | _aБиблиогр. в конце кн. | ||
| 606 | 1 |
_aНефтеналивные суда _jМетодические пособия _xЭксплуатация _xТехника безопасности _92246895 _3RU\NLR\AUTH\661347940 |
|
| 675 |
_a629.5(075.8) _v4 |
||
| 686 |
_a39.425.144.1я73 _2rubbks |
||
| 686 | 1 | _aО425.144-082н6я73-1 | |
| 702 | 1 |
_aРазвозов _bС. Ю. _gСергей Юрьевич _4220 |
|
| 712 | 0 | 2 |
_4570 _aГосударственный университет морского и речного флота им. С. О. Макарова _bИнститут "Морская академия" _bКафедра маневрирования и управления судном _cСанкт-Петербург _9803942 _3RU\NLR\AUTH\880568731 |
| 942 | _cBOOK | ||
| 980 | _aNB | ||